Adaptabilita a rôznorodosť jednotlivých e-learningových kurzov

Veľa podôb a foriem e-learningu a ponuka možností prostredníctvom neho. Tvrdenia zástancov a neprajníkov. Správnosť zamerania sa na účastníkov, na ich znalosti a potreby. Adaptabilita jednotlivých súčastí e-learningu.

Guardado en:
Detalles Bibliográficos
Autor principal: Trochanová, Hana
Formato: Capítulo de libro
Lenguaje:eslovaco
Materias:
Etiquetas: Agregar Etiqueta
Sin Etiquetas, Sea el primero en etiquetar este registro!

MARC

LEADER 00000naa$a2200000$$$4500
001 0073179
005 20240502071852.6
041 0 |a slo 
044 |a SK 
245 1 0 |a Adaptabilita a rôznorodosť jednotlivých e-learningových kurzov  |c Hana Trochanová 
520 |a Veľa podôb a foriem e-learningu a ponuka možností prostredníctvom neho. Tvrdenia zástancov a neprajníkov. Správnosť zamerania sa na účastníkov, na ich znalosti a potreby. Adaptabilita jednotlivých súčastí e-learningu. 
610 2 0 |a vzdelávanie elektronické 
610 2 0 |a kurzy 
610 2 0 |a študenti 
610 2 0 |a náklady 
100 1 |a Trochanová, Hana